00378nam a22001331a 45000010005000000030004000050050017000090080041000260500017000672450086000842640024001706500024001947000026002184637OSt20260204211941.0050903s1985||||dr ||||||b||||||||||spa|| aRD 972.9 I7i aImpresos sobre la Isabela noticias y documentos / Pedro J. Santiago (compilador) aSanto Domingo: ONAP a1.Indias - Historia aSantiago, Pedro J.Ì